| 000 | 00747nam a2200193Ia 4500 | ||
|---|---|---|---|
| 003 | GCL | ||
| 008 | 140319s9999 xx 000 0 ara d | ||
| 040 |
_aGCL / _cGCL |
||
| 082 | 0 | 4 |
_aق _b953.0962 _bع ت |
| 100 | 1 | _aعبدالله الشرقاوى | |
| 245 | 1 | 0 |
_aتحفة الناظرين فيمن ولى مصر من الملوك والسلاطين / _cعبدالله الشرقاوى |
| 700 | 1 | _aرحاب عبدالحميد القارى (تحقيق) | |
| 260 |
_aالقاهرة : _bمكتبة مدبولى ، _c1996 |
||
| 300 |
_a223 ص ؛ _c24 سم |
||
| 490 |
_aصفحات من تاريخ مصر _v0 |
||
| 650 | 0 | 4 | _aالملوك والحكام |
| 650 | 0 | 4 | _aمصر - تاريخ - العصر الحديث (1805 - 1956 ) |
| 942 |
_2ddc _cBK |
||
| 999 |
_c48120 _d48120 |
||